Statistics for Horror Villains

Click here to take the quiz!

General Stats

  • This quiz has been taken 22 times
  • The average score is 11 of 29

Answer Stats

FranchiseActorVillain% Correct
The Texas Chainsaw MassacreGunnar HansenLeatherface
81%
ItTim Curry, Bill SkarsgardPennywise
76%
Child's PlayBrad Dourif, Mark HamillChucky
67%
A Nightmare on Elm StreetRobert Englund, Jackie Earle HaleyFreddy Kruger
67%
HalloweenNick Castle, Tyler ManeMichael Myers
62%
HellraiserDoug BradleyPinhead
62%
CandymanTony ToddCandyman
57%
SawTobin BellJohn Kramer
57%
ScreamMatthew LillardGhostface
52%
Friday the 13thAri Lehman, CJ Graham, Kane Hodder, Derek MearsJason Vorhees
52%
Count DraculaBela Lugosi, Christopher Lee, Nicolas CageCount Dracula
43%
PsychoAnthony PerkinsNorman Bates
43%
FrankensteinBoris KarloffFrankenstein
38%
The ShiningJack NicholsonJack Torrance
38%
The NunBonnie AaronsThe Nun
38%
The Silence of the LambsAnthony Hopkins, Mads MikkelsenHannibal Lector
33%
TerrifierDavid Howard ThorntonArt the Clown
29%
CarrieSissy SpacekCarrie White
29%
American PsychoChristian BalePatrick Bateman
29%
Jeepers CreepersJonathan BreckThe Creeper
29%
MiseryKathy BatesAnnie Wilkes
24%
Bride of ChuckyJennifer TillyTiffany
24%
Friday the 13thBetsy PalmerPamela Vorhees
19%
Tales From the CryptJohn KassirThe Cryptkeeper
19%
My Bloody ValentinePeter Cowper, Chris CarnellThe Miner
19%
American Horror StoryJohb Carroll LynchTwisty the Clown
14%
NosferatuMax Schreck, Klaus Kinski, Willem Dafoe, Bill SkarsgardCount Orlok
5%
From Dusk Till DawnDanny TrejoRazor Charlie
5%
From Dusk Till DawnSalma HayekSantanico Pandemonium
5%

Score Distribution

Percentile by Number Answered

Percent of People with Each Score

Your Score History

You have not taken this quiz